Countries that Visit Israel the Most - Statistics

General Stats
  • This quiz has been taken 136 times
  • The average score is 9 of 10
Answer Stats
# Visitors Country % Correct
672,100 United States
100%
197,100 United Kingdom
97%
293,000 France
95%
180,100 Germany
93%
88,000 Italy
87%
284,600 Russia
87%
69,900 Canada
83%
85,900 China
76%
54,300 Poland
74%
164,500 Ukraine
59%
No matching quizzes found
Score Distribution
Percent of People with Each Score
Percentile by Number Answered
Your Score History
You have not taken this quiz